Netrestná oblasť prokurátorskej činnosti a ochrana práv občanov (zborník príspevkov z medzinárodného workshopu) : (Krpáčovo, 6.-8.10. 1999)
| Format: | Book |
|---|---|
| Language: | Slovak Czech Hungarian Polish |
| PhysicalDescription: | 110 s. 21 cm |
| Published: |
Bratislava
Slovenské národné stredisko pre ľudské práva
2000
|
| ISBN: | 8089016006 |
| Subjects: |
MARC
| LEADER | 00000cam a2200000 a 4500 | ||
|---|---|---|---|
| 001 | vtls001411457 | ||
| 003 | SK-MaSNL | ||
| 005 | 20260301120342.0 | ||
| 008 | 250414s2000 xo a f 10000 slo | ||
| 015 | |a SNBA2001/07-02456 | ||
| 020 | |a 8089016006 | ||
| 035 | |a SNK000366164 | ||
| 035 | |a urn:nbn:sk:snk-amjrdf | ||
| 035 | |a urn:nbn:sk:snk:ar-008t3x | ||
| 035 | |a 895012c1-ec84-47d8-b062-2a2fd71e6e18 | ||
| 040 | |a SNK |b slo |c SNK |e AACR2 | ||
| 041 | 0 | |a slo |a cze |a hun |a pol | |
| 044 | |a xo |c SK | ||
| 080 | |a 347.963:342.7(082)=00 |2 1981 | ||
| 080 | |a 342.7(082)=00 |2 1981 | ||
| 245 | 0 | 0 | |a Netrestná oblasť prokurátorskej činnosti a ochrana práv občanov |b (zborník príspevkov z medzinárodného workshopu) : (Krpáčovo, 6.-8.10. 1999) |
| 260 | |a Bratislava |b Slovenské národné stredisko pre ľudské práva |c 2000 | ||
| 300 | |a 110 s. |c 21 cm | ||
| 500 | |a Čiast. text maď., čes. a poľ. | ||
| 504 | |a Pozn. | ||
| 650 | 0 | 7 | |a trestná činnosť |2 SNKPH |9 55590 |
| 650 | 0 | 7 | |a prokuratúra |2 SNKPH |9 28811 |
| 650 | 0 | 7 | |a prokurátori |2 SNKPH |9 4530 |
| 650 | 0 | 7 | |a súdna ochrana |2 SNKPH |9 403760 |
| 650 | 0 | 7 | |a ľudské práva |2 SNKPH |9 798 |
| 650 | 0 | 7 | |a ochrana ľudských práv |2 SNKPH |9 4034 |
| 655 | 7 | |a zborníky konferencií |2 SNKPH |9 70153 | |
| 655 | 7 | |a issue_zb |2 SNK |9 276493 | |
| 852 | |a Slovenská národná knižnica | ||
| 919 | |a 80-89016-00-6 | ||
| 954 | |a odborná, vedecká literatúra pôvodná (slovenská) |2 lita | ||
| 954 | |a odborná, vedecká literatúra cudzojazyčná (svetová) |2 lita | ||
| 958 | |a ART | ||
| 958 | |a TL | ||
| 958 | |a NB | ||
| 958 | |a OND | ||
| 999 | |c 725613 |d 727543 | ||
| 952 | |t P60, <03>, [BOOK], {603} |a SNK |b SNK |y PREZ |7 0 |p 17A0295939 |o snkSC 104685 |i snkKSP 5429/2001 |0 0 |1 0 |4 0 |d 2001-04-20 |l 0 |r 2025-09-25 00:00:00 |w 2026-02-23 | ||
| 952 | |t P60, <04>, [BOOK], {604} |a SNK |b SNK |y VYP |7 0 |p 17A0295940 |o snkSC 104685 D1 |i snkKSP 5430/2001 |0 0 |1 0 |4 0 |d 2001-04-20 |l 0 |r 2005-01-02 00:00:00 |w 2026-02-23 | ||


